| 000 | 00980nam a22003137a 4500 | ||
|---|---|---|---|
| 001 | 200461912 | ||
| 003 | TR-AnTOB | ||
| 005 | 20241114100024.0 | ||
| 008 | 240718b tu ||||| |||| 00| 0 tur d | ||
| 020 | _a9786052982266 | ||
| 040 |
_aTR-AnTOB _beng _erda _cTR-AnTOB |
||
| 041 | _atur | ||
| 092 |
_a811.42 _bERG 2018 |
||
| 100 | 1 |
_aErgülen, Haydar _eAuthor _910469 |
|
| 245 |
_aUykucu şiirler / _cHaydar Ergülen ; resimleyen : Elif Balta Parks ;editör : Alkım Özalp |
||
| 250 | _a1.bs. | ||
| 260 |
_aİstanbul : _b Kırmızı Kedi ; _c2018. |
||
| 300 |
_a 58 Pages. : _bill. ; _c16 cm. |
||
| 336 |
_atext _btxt _2rdacontent |
||
| 337 |
_aunmediated _bn _2rdamedia |
||
| 338 |
_avolume _bnc _2rdacarrier |
||
| 490 |
_aKırmızı Kedi Yayınevi ; _v870 |
||
| 653 | _aTürk edebiyatı | ||
| 700 | 1 |
_aÖzalp, Alkım, _d1987- _9139830 |
|
| 700 | 1 |
_aParks, Elif Balta _eillustrator _9131897 |
|
| 942 |
_2ddc _cBK |
||
| 999 |
_c200461912 _d80124 |
||